[Event "Continental Open"]
[Site "Los Angeles USA"]
[Date "2000.07.29"]
[Round "6"]
[White "Ehlvest,J"]
[Black "Rensch,D"]
[Result "1-0"]
[WhiteElo "2627"]
[BlackElo "2153"]

1.d4 Nf6 2.Nf3 e6 3.c4 c5 4.g3 cxd4 5.Nxd4 Nc6 6.Bg2 Bb4+ 7.Nc3 a6 8.O-O O-O
9.Bf4 Nh5 10.Be3 Ne5 11.Qb3 Be7 12.Rac1 Rb8 13.Rfd1 Qa5 14.Nf3 Bc5 15.Bxc5 Qxc5
16.Ne4 Qa5 17.c5 Nc6 18.Nd4 Nb4 19.Qf3 g6 20.g4 Ng7 21.Nf6+ Kh8 22.Qh3 h5
23.Qe3  1-0

[Event "Koltanowski Mem"]
[Site "San Francisco USA"]
[Date "2000.12.14"]
[Round "1"]
[White "Kraai,J"]
[Black "Ehlvest,J"]
[Result "1/2-1/2"]
[WhiteElo "2430"]
[BlackElo "2627"]

1.d4 Nf6 2.c4 c5 3.d5 b5 4.cxb5 a6 5.e3 axb5 6.Bxb5 Qa5+ 7.Nc3 Bb7 8.e4 Nxe4
9.Ne2 Nxc3 10.Nxc3 Ba6 11.Bd3 g6 12.O-O Bg7 13.Bg5 h6 14.Bh4 Qb4 15.Ne4 g5
16.Bg3 Qd4 17.Bxa6 Nxa6 18.Qf3 O-O 19.Rad1 Qxb2 20.d6 g4 21.Qf4 Rae8 22.dxe7 Rxe7
23.Nd6 Qb4 24.Nf5 Re6 25.Rxd7 Qxf4 26.Bxf4 Rf6 27.Ne7+ Kh7 28.g3 Nb4 29.Rc1 Ra8
30.Rxc5 Rxa2 31.Rc1 Bf8 32.Nd5 Nxd5  1/2-1/2

[Event "Koltanowski Mem"]
[Site "San Francisco USA"]
[Date "2000.12.15"]
[Round "2"]
[White "Ehlvest,J"]
[Black "Vucic,M"]
[Result "1-0"]
[WhiteElo "2627"]
[BlackElo "2346"]

1.d4 d5 2.c4 c6 3.Nc3 Nf6 4.Nf3 e6 5.Bg5 h6 6.Bh4 Be7 7.e3 O-O 8.Qc2 Nbd7
9.Rd1 b6 10.Bd3 Bb7 11.O-O c5 12.dxc5 bxc5 13.cxd5 exd5 14.Bf5 Qe8 15.Qb3 Nb6
16.a4 Bc6 17.Bxf6 Bxf6 18.a5 Na4 19.Nxd5 Bxd5 20.Rxd5 Rb8 21.Qd3 Nxb2 22.Qa6 Na4
23.Rd7 Rb4 24.Rxa7 c4 25.Rc7 c3 26.Rc8 Qe7 27.Rxf8+ Qxf8 28.Qc6 Nc5 29.e4 Ra4
30.e5 Be7 31.e6 fxe6 32.Bxe6+ Kh7 33.Bb3 Rxa5 34.Bc2+ Kg8 35.Ne5 Qa8 36.Qg6 Bf6
37.Ng4 Bg5 38.h4 Bd2 39.Qh7+ Kf8 40.Bg6 c2  1-0

[Event "Koltanowski Mem"]
[Site "San Francisco USA"]
[Date "2000.12.19"]
[Round "6"]
[White "Ehlvest,J"]
[Black "Thompson,I"]
[Result "1-0"]
[WhiteElo "2627"]
[BlackElo "2208"]

1.e4 e6 2.d4 d5 3.e5 c5 4.c3 Nc6 5.Nf3 Qb6 6.a3 Nh6 7.b4 cxd4 8.cxd4 Nf5
9.Be3 Bd7 10.Bd3 Nxe3 11.fxe3 g6 12.Nbd2 Bh6 13.Qe2 Ne7 14.Nb3 a6 15.Nc5 Bb5
16.Bxb5+ axb5 17.g4 Bg7 18.O-O Rd8 19.Ng5 O-O 20.Qf3 Nc6 21.Rf2 Qc7 22.Raf1 Qe7
23.Nxf7 b6 24.Nd3 Ra8 25.Qe2 Rxa3 26.Qc2 Nd8 27.Nxd8 Qxd8 28.Rxf8+ Bxf8 29.Rf6 Bg7
30.Rxe6 Qd7 31.Nf4 g5 32.Rd6 Qxg4+ 33.Ng2 Rxe3 34.Rxd5 Bf8 35.Rd8 Re2 36.Qc6 Re1+
37.Kf2 Re2+ 38.Kf1 Rb2 39.Qd5+ Kg7 40.Qd7+ Qxd7 41.Rxd7+ Kg6 42.Rb7 Bxb4
43.Rxb6+ Kf7 44.Ne3 Ba5 45.e6+ Ke8 46.Rb7  1-0

[Event "Koltanowski Mem"]
[Site "San Francisco USA"]
[Date "2000.12.20"]
[Round "7"]
[White "Shahade,G"]
[Black "Ehlvest,J"]
[Result "0-1"]
[WhiteElo "2453"]
[BlackElo "2627"]

1.e4 c5 2.Nf3 e6 3.d4 cxd4 4.Nxd4 Nf6 5.Nc3 d6 6.Be2 Be7 7.O-O Nc6 8.Be3 Bd7
9.Nb3 a6 10.a4 Na5 11.Nd2 O-O 12.f4 Bc6 13.Bd3 d5 14.exd5 Nxd5 15.Nxd5 Bxd5
16.Qb1 Rc8 17.c3 g6 18.Qc2 Qc7 19.Be4 Rfd8 20.Rad1 Bc5 21.Bxc5 Qxc5+ 22.Kh1 Nc4
23.Nxc4 Qxc4 24.Bxd5 Rxd5 25.Rf3 Qe4 26.Qc1 Rcd8 27.Rxd5 Rxd5 28.c4 Rd2  0-1

[Event "Koltanowski Mem"]
[Site "San Francisco USA"]
[Date "2000.12.21"]
[Round "8"]
[White "Ehlvest,J"]
[Black "Lakdawala,C"]
[Result "1-0"]
[WhiteElo "2627"]
[BlackElo "2434"]

1.d4 d5 2.c4 c6 3.Nc3 Nf6 4.e3 g6 5.Nf3 Bg7 6.Bd3 O-O 7.h3 b6 8.O-O Bb7 9.e4 dxe4
10.Nxe4 Nxe4 11.Bxe4 Nd7 12.Re1 Qc7 13.Bg5 Rae8 14.Rc1 f5 15.Bc2 e5 16.dxe5 Nxe5
17.c5 bxc5 18.Bb3+ Kh8 19.Nxe5 Rxe5 20.Rxe5 Bxe5 21.Qe2 Qg7 22.Bh6 Qxh6 23.Qxe5+ Qg7
24.Qxc5 Re8 25.Rd1 Qxb2 26.Bf7 Qe5 27.Qa3 Re7 28.Rd7 Qe1+ 29.Kh2 Qe5+ 30.g3 Qe1
31.Qb2+ Re5  1-0

[Event "North American Open"]
[Site "Las Vegas USA"]
[Date "2000.12.28"]
[Round "4"]
[White "Ehlvest,J"]
[Black "Andrianov,N"]
[Result "1/2-1/2"]
[WhiteElo "2627"]
[BlackElo "2439"]

1.d4 d5 2.c4 c6 3.Nc3 Nf6 4.e3 g6 5.Nf3 Bg7 6.Bd3 O-O 7.h3 c5 8.O-O cxd4
9.exd4 dxc4 10.Bxc4 Nc6 11.a3 e6 12.Bg5 h6 13.Bf4 Ne7 14.Qd2 Kh7 15.Nb5 Bd7
16.Rac1 Nfd5 17.Bh2 Nf5 18.Bxd5 Bxb5 19.Bxb7 Bxf1 20.Kxf1 Nxd4 21.Nxd4 Qxd4
22.Qxd4 Bxd4 23.Bxa8 Rxa8 24.b4 e5 25.Rc4 g5 26.f3 Kg6 27.Rc6+ f6 28.Bg1 Bxg1
29.Kxg1 Rd8 30.Ra6 Rd7 31.g4 Rf7 32.Kf2 h5 33.b5 h4 34.a4 Rd7 35.Ke3 Kf7
36.Rc6 Ke7 37.Rc3 Ke6 38.Rc6+ Ke7 39.Ra6 Kf7 40.a5 Kg6 41.b6 axb6 42.axb6 Rd1
43.Ra8 Rb1 44.Rb8 Kf7 45.Kd3 Kg7 46.Rb7+ Kg6 47.Kc4 Rb2 48.Kc5 Rc2+ 49.Kd6 Rb2
50.Kc7 Rc2+ 51.Kd8 Rb2 52.Ke8 Rb3 53.Kf8 Rxf3 54.Rg7+ Kh6 55.Rf7 Rxh3 56.Kg8 Kg6
57.Rg7+ Kh6 58.Kf7 Rb3 59.Rg8 Kh7 60.Rg7+  1/2-1/2

[Event "Keres Mem Rapid"]
[Site "Tallinn EST"]
[Date "2001.01.06"]
[Round "2"]
[White "Svidler,P"]
[Black "Ehlvest,J"]
[Result "1-0"]
[WhiteElo "2689"]
[BlackElo "2627"]

1.e4 c5 2.Nf3 e6 3.d4 cxd4 4.Nxd4 a6 5.Nc3 d6 6.g4 Ne7 7.g5 Nec6 8.Be3 b5
9.f4 h6 10.Nf3 hxg5 11.Nxg5 Nd7 12.Qd2 Nb6 13.Bd3 Na4 14.Nxa4 bxa4 15.O-O-O Rb8
16.a3 Be7 17.Qc3 Bxg5 18.Qxc6+ Bd7 19.Qxd6 Be7 20.Qd4 Rh3 21.Bf1 Rh7 22.Bxa6 Qc7
23.Rd3 Rb3 24.Kb1 Rxd3 25.Bxd3 Bc6 26.Rg1 g6 27.f5 exf5 28.exf5 Rh4 29.Qc3  1-0

[Event "Keres Mem Rapid"]
[Site "Tallinn EST"]
[Date "2001.01.07"]
[Round "4"]
[White "Miezis,N"]
[Black "Ehlvest,J"]
[Result "1-0"]
[WhiteElo "2518"]
[BlackElo "2627"]

1.c4 b6 2.Nc3 e6 3.e4 Bb7 4.Nge2 Nf6 5.Ng3 c5 6.e5 Ng8 7.d3 d6 8.exd6 Bxd6
9.Be3 Nc6 10.Be2 Nge7 11.Bf3 Be5 12.Qd2 O-O 13.O-O-O Qd7 14.Nh5 Rad8 15.Bf4 Bxc3
16.bxc3 f6 17.Bg4 Ng6 18.Bh3 Qf7 19.Qe2 Rfe8 20.Bg3 e5 21.Rhe1 Kh8 22.Kb2 Nf4
23.Nxf4 exf4 24.Be6 Qc7 25.Bh4 Bc8 26.Qg4 Ne5 27.Rxe5 Qxe5 28.Bxc8 Rxc8 29.f3 Qe2+
30.Kc1 Rcd8 31.Rd2 Qe3 32.Kc2 Re5 33.Bf2 Rg5 34.Bxe3 Rxg4 35.fxg4 fxe3 36.Re2 Re8
37.d4 Re4 38.Kd3 Rxg4 39.g3 cxd4 40.cxd4  1-0

[Event "Keres Mem Rapid"]
[Site "Tallinn EST"]
[Date "2001.01.07"]
[Round "5"]
[White "Ehlvest,J"]
[Black "Rustemov,A"]
[Result "1/2-1/2"]
[WhiteElo "2627"]
[BlackElo "2534"]

1.e4 e6 2.d4 d5 3.e5 c5 4.c3 Qb6 5.Nf3 Bd7 6.a3 Bb5 7.c4 dxc4 8.d5 exd5 9.Qxd5 Ne7
10.Qe4 Qc6 11.Nc3 Qxe4+ 12.Nxe4 Ng6 13.Nc3 Bc6 14.e6 fxe6 15.Bxc4 Bxf3 16.gxf3 Nc6
17.Be3 O-O-O 18.Bxe6+ Kb8 19.Bd5 Nd4 20.O-O-O Bd6 21.Be4 Nf4 22.Bxd4 cxd4
23.Rxd4 Be5 24.Rxd8+ Rxd8 25.Kc2 g6 26.Re1 Nh3 27.Bd3 Nxf2 28.Rxe5 Nxd3 29.Re7 h5
30.h4 a6 31.b4 Nf4 32.Ne4 Rc8+ 33.Kb3 Rc7 34.Re8+ Ka7 35.Nd6 b5 36.Rg8 Rd7
37.Ne4 Rd3+ 38.Ka2 Rxf3 39.Rf8 Kb6 40.Rf6+ Kc7 41.Nc5 Rf2+ 42.Kb3 Rf3+ 43.Kc2 Rf2+
44.Kd1 Nd3 45.Nxa6+ Kd7 46.Nc5+ Kc7 47.Rxf2 Nxf2+ 48.Ke2 Ng4 49.Kf3 Ne5+
50.Kf4 Nf7 51.a4 bxa4 52.Nxa4 Kc6 53.Nc3 Kd6 54.Ne4+ Kc6 55.Ng5 Nd6 56.Ne6 Nf5
57.Kg5 Kb5  1/2-1/2

[Event "Keres Mem Rapid"]
[Site "Tallinn EST"]
[Date "2001.01.07"]
[Round "7"]
[White "Ehlvest,J"]
[Black "Timman,J"]
[Result "1/2-1/2"]
[WhiteElo "2627"]
[BlackElo "2639"]

1.e4 e5 2.Nf3 Nc6 3.Bb5 a6 4.Ba4 d6 5.Bxc6+ bxc6 6.d4 exd4 7.Nxd4 c5 8.Nc6 Qd7
9.Na5 Qg4 10.Qxg4 Bxg4 11.Nc3 Ne7 12.O-O Be6 13.f4 g6 14.b3 Bg7 15.Bb2 Bd4+
16.Kh1 Rb8  1/2-1/2

[Event "5th United Insurance"]
[Site "Dhaka BAN"]
[Date "2001.02.20"]
[Round "2"]
[White "Davies,N"]
[Black "Ehlvest,J"]
[Result "1/2-1/2"]
[WhiteElo "2464"]
[BlackElo "2638"]

1.c4 Nf6 2.Nf3 e6 3.g3 d5 4.Bg2 Be7 5.O-O O-O 6.d4 dxc4 7.Qc2 a6 8.Qxc4 b5
9.Qc2 Bb7 10.Bg5 Nbd7  1/2-1/2

[Event "5th United Insurance"]
[Site "Dhaka BAN"]
[Date "2001.03.02"]
[Round "11"]
[White "Ehlvest,J"]
[Black "Abdulla,Al"]
[Result "1/2-1/2"]
[WhiteElo "2638"]
[BlackElo "2359"]

1.e4 c6 2.d4 d5 3.Nd2 dxe4 4.Nxe4 Nd7 5.Ng5 e6 6.Bd3 Ngf6 7.N1f3 Bd6 8.Qe2 h6
9.Ne4 Nxe4 10.Bxe4 Qc7 11.Bd2 Nf6 12.Bd3 b6 13.O-O-O Bb7 14.Rhe1 O-O 15.Ne5 c5
16.dxc5 bxc5 17.f4 Nd5 18.c4 Nb4 19.Bb1 Rad8 20.g3 Rfe8 21.Bc3 Nc6 22.Qc2 f5
23.Qe2 Nd4 24.Qf2 Qb6 25.Re3 a5 26.h3 a4 27.g4 a3 28.b4 Qc7 29.b5 Rf8 30.gxf5 exf5
31.Rde1 Rde8 32.Bd3 Be4 33.Kb1 Bxe5 34.fxe5 Qxe5 35.Qd2 Qf6 36.Bxe4 Rxe4
37.Rxe4 fxe4 38.Qe3 Re8 39.Kc1 g5 40.Kb1 Kh7 41.Ba1 Kg6 42.h4 Re7 43.hxg5 hxg5
44.Bc3 Re6 45.Rg1 Qf5 46.Ba5 Qf6 47.Bc3 Qf5 48.Ba5 Qf6  1/2-1/2

[Event "5th United Insurance"]
[Site "Dhaka BAN"]
[Date "2001.03.03"]
[Round "12"]
[White "Ehlvest,J"]
[Black "Sandipan,C"]
[Result "1-0"]
[WhiteElo "2638"]
[BlackElo "2431"]

1.e4 c5 2.Nf3 e6 3.d4 cxd4 4.Nxd4 Nc6 5.Nb5 d6 6.c4 Nf6 7.N1c3 a6 8.Na3 Be7
9.Be2 O-O 10.O-O b6 11.Be3 Ne5 12.Qb3 Ned7 13.Rfd1 Qc7 14.Rac1 Bb7 15.f3 Rac8
16.Kh1 Qb8 17.Nab1 Bd8 18.Qa3 Bc7 19.Bg1 Nh5 20.Nd2 f5 21.b4 Rf6 22.exf5 d5
23.Nf1 Ng3+ 24.Nxg3 Bxg3 25.cxd5 exd5 26.Bxa6 Rh6 27.h3 Qa8 28.b5 Bf4 29.Rb1 Nc5
30.Qb4 Bd6 31.Bxb7 Qxb7 32.Qd4 Nd7 33.Qd2 Qc7 34.Ne2 Nc5 35.Nd4 Qf7 36.Nc6 Ra8
37.Re1 Ra4 38.Qe2 Ra3 39.Rbd1 Ne4 40.Bh2 Bxh2 41.Kxh2 Nc3 42.Qe5  1-0

[Event "TCh-SWE"]
[Site "Lunds SWE"]
[Date "2001.03.18"]
[Round "11"]
[White "Agrest,E"]
[Black "Ehlvest,J"]
[Result "1/2-1/2"]
[WhiteElo "2531"]
[BlackElo "2638"]

1.c4 e6 2.Nc3 b6 3.e4 Bb7 4.Nf3 Bb4 5.Bd3 Ne7 6.Ne2 Nbc6 7.a3 Bd6 8.Bc2 f5
9.d4 fxe4 10.Bxe4 O-O 11.Qc2 Nf5 12.d5 Ne5 13.Nxe5 Bxe5 14.dxe6 Bxe4 15.Qxe4 Bd6
16.Ng3 dxe6 17.O-O Qf6 18.Ne2  1/2-1/2

[Event "Open"]
[Site "Dubai UAE"]
[Date "2001.04.15"]
[Round "1"]
[White "Sale,S"]
[Black "Ehlvest,J"]
[Result "0-1"]
[WhiteElo "2378"]
[BlackElo "2630"]

1.e4 c5 2.Nc3 e6 3.f4 Nf6 4.Nf3 d5 5.Bb5+ Bd7 6.Bxd7+ Nbxd7 7.d3 Nb8 8.O-O Nc6
9.Bd2 Be7 10.Kh1 O-O 11.Qe1 Nd4 12.Rc1 Rc8 13.Ne5 b5 14.Nd1 b4 15.c3 bxc3
16.bxc3 Nc6 17.Nxc6 Rxc6 18.e5 Nd7 19.c4 Nb6 20.Ne3 d4 21.Ng4 Qd7 22.Qg3 Kh8
23.Qh3 Na4 24.Rf3 f5 25.exf6 Bxf6 26.Re1 Rb6 27.Nxf6 Rxf6 28.f5 Kg8 29.fxe6 Rbxe6
30.Ref1 h6 31.Qh5 Rxf3 32.Qxf3 Rf6 33.Qa8+ Kf7 34.Re1 Nb2 35.Qe4 Qc6 36.Qe2 Qe6
37.Qh5+ g6 38.Qh4 Nxd3  0-1

[Event "Open"]
[Site "Dubai UAE"]
[Date "2001.04.20"]
[Round "6"]
[White "Ehlvest,J"]
[Black "Fedorov,Alex"]
[Result "1-0"]
[WhiteElo "2630"]
[BlackElo "2590"]

1.e4 c5 2.Nf3 d6 3.d4 cxd4 4.Nxd4 Nf6 5.Nc3 g6 6.Be3 Bg7 7.f3 Nc6 8.Qd2 O-O
9.Bc4 Bd7 10.O-O-O Qb8 11.Kb1 b5 12.Be2 b4 13.Nd5 Qb7 14.Nxf6+ Bxf6 15.h4 Rfc8
16.h5 Nxd4 17.Bxd4 e5 18.Bf2 Be6 19.hxg6 fxg6 20.Bh4 Bxh4 21.Rxh4 Rc6 22.Rdh1 Rac8
23.Bd3 a5 24.f4 exf4 25.e5 dxe5 26.Bxg6 Bxa2+ 27.Kxa2 Rxg6 28.Rxh7 Rg7 29.R7h6 a4
30.Qd6 b3+ 31.Ka3  1-0

[Event "Open"]
[Site "Dubai UAE"]
[Date "2001.04.22"]
[Round "7"]
[White "Asrian,K"]
[Black "Ehlvest,J"]
[Result "1/2-1/2"]
[WhiteElo "2582"]
[BlackElo "2630"]

1.e4 e5 2.Nf3 Nc6 3.Bb5 a6 4.Ba4 Nf6 5.O-O Be7 6.Re1 b5 7.Bb3 d6 8.c3 O-O
9.d3 Na5 10.Bc2 c5  1/2-1/2

[Event "Open"]
[Site "Dubai UAE"]
[Date "2001.04.23"]
[Round "8"]
[White "Ehlvest,J"]
[Black "Vladimirov,E"]
[Result "1/2-1/2"]
[WhiteElo "2630"]
[BlackElo "2612"]

1.e4 e5 2.Nf3 Nf6 3.Nxe5 d6 4.Nf3 Nxe4 5.Qe2 Qe7 6.d3 Nf6 7.Bg5 Qxe2+ 8.Bxe2 Be7
9.Nc3 c6 10.Ne4 Nxe4 11.dxe4 Bxg5  1/2-1/2

[Event "Open"]
[Site "Dubai UAE"]
[Date "2001.04.25"]
[Round "9"]
[White "Ehlvest,J"]
[Black "Motylev,A"]
[Result "1/2-1/2"]
[WhiteElo "2630"]
[BlackElo "2601"]

1.e4 e5 2.Nf3 Nf6 3.Nxe5 d6 4.Nf3 Nxe4 5.d4 d5 6.Bd3 Nc6 7.O-O Be7 8.c4 Nb4
9.Be2 O-O 10.Nc3 Be6  1/2-1/2

[Event "2nd IECC"]
[Site "Ohrid MKD"]
[Date "2001.06.02"]
[Round "2"]
[White "Ehlvest,J"]
[Black "Smirnov,P"]
[Result "1/2-1/2"]
[WhiteElo "2630"]
[BlackElo "2511"]

1.d4 Nf6 2.Nf3 g6 3.c4 Bg7 4.g3 O-O 5.Bg2 d6 6.O-O Nc6 7.Nc3 a6 8.d5 Na5
9.Nd2 c5 10.Qc2 Rb8 11.b3 b5 12.Rb1 h5 13.Bb2 Bf5 14.e4 Bd7 15.Nd1 bxc4 16.bxc4 e5
17.Bc3 Rxb1 18.Qxb1 h4 19.Ne3 hxg3 20.hxg3 Bh6 21.Qd3 Nb7 22.Rb1 Bc8 23.Qe2 Nh7
24.Nf3 f5 25.exf5 gxf5 26.Nh4 f4 27.Nef5 Bxf5 28.Nxf5 Rxf5 29.Rxb7 fxg3 30.fxg3 Qg5
31.Rb8+ Kg7 32.Rb7+ Kg8 33.Rb8+ Kg7  1/2-1/2

[Event "2nd IECC"]
[Site "Ohrid MKD"]
[Date "2001.06.03"]
[Round "3"]
[White "Burmakin,V"]
[Black "Ehlvest,J"]
[Result "1/2-1/2"]
[WhiteElo "2522"]
[BlackElo "2630"]

1.d4 Nf6 2.Nf3 e6 3.c4 b6 4.g3 Ba6 5.b3 Bb4+ 6.Bd2 Be7 7.Bg2 c6 8.O-O d5
9.Ne5 Nfd7 10.Nxd7 Nxd7 11.Bc3 O-O 12.Nd2 Nf6 13.e4 b5 14.e5 Nd7 15.Re1 bxc4
16.bxc4 dxc4 17.Bxc6 Rc8 18.Qa4 Nb6 19.Qxa6 Rxc6 20.Qxa7 Nd5 21.Ne4 Rc7 22.Qa6 Nxc3
23.Nxc3 Bb4 24.Rec1 Bxc3 25.Rxc3 Qxd4 26.Rac1 Rfc8 27.Qd6 Qe4 28.Qd2 h5 29.Qg5 g6
30.Qe3 Qd5 31.Qf4 Qb5 32.h4 Rc5 33.a3 Qc6 34.Kh2 Qd5 35.Kg1 Qc6  1/2-1/2

[Event "2nd IECC"]
[Site "Ohrid MKD"]
[Date "2001.06.05"]
[Round "5"]
[White "Goloshchapov,A"]
[Black "Ehlvest,J"]
[Result "1/2-1/2"]
[WhiteElo "2528"]
[BlackElo "2630"]

1.d4 Nf6 2.c4 e6 3.Nc3 Bb4 4.Qc2 O-O 5.a3 Bxc3+ 6.Qxc3 b6 7.Bg5 Ba6 8.e3 d6
9.Bd3 Nbd7 10.Ne2 h6 11.Bh4 c5 12.Qc2 Rc8 13.Qa4 Bb7 14.O-O Bc6 15.Qd1 Qc7
16.Nc3 Qb7 17.f3 a6 18.a4 Rfe8 19.Qd2 Ra8 20.Rab1 cxd4 21.exd4 d5 22.b3 Qc7
23.Rfe1 Qd6 24.Kh1 Bb7 25.a5 bxa5 26.c5 Qc7 27.Bg3 e5 28.Na4 Nh5 29.Bxe5 Nxe5
30.dxe5 Rxe5 31.Rxe5 Qxe5 32.Re1 Qc7 33.Qe3 Nf6 34.Qd4 Re8 35.Rxe8+ Nxe8
36.Nb6 Qe7 37.Qc3 Nc7 38.h3 Bc6 39.Nc8  1/2-1/2

[Event "2nd IECC"]
[Site "Ohrid MKD"]
[Date "2001.06.07"]
[Round "7"]
[White "Ruck,R"]
[Black "Ehlvest,J"]
[Result "1/2-1/2"]
[WhiteElo "2557"]
[BlackElo "2630"]

1.Nf3 g6 2.c4 Bg7 3.d4 d6 4.g3 c5 5.d5 b5 6.cxb5 a6 7.bxa6 Nf6 8.Nc3 O-O
9.Bg2 Nbd7 10.O-O Nb6 11.Re1 Bxa6 12.e4 Nfd7 13.Qc2 Nc4 14.Bf4 Qa5 15.Rac1 Rfb8
16.b3 Nce5 17.Red1 Nxf3+ 18.Bxf3 c4 19.bxc4 Bxc4 20.Ne2 Bb5 21.Nd4 Ba4 22.Nb3 Qb4
23.Qd2 Qa3 24.Rc7 Ne5 25.Bxe5 Bxe5 26.Rb1 Bf6 27.Kg2 h5 28.h4 Be8 29.Rc2 Kg7
30.Qd3 Rb4 31.Rd1 Qa7 32.Rb1 Rab8 33.Rd1 Ra4 34.Qd2 Ra8 35.Nc1 Ra3 36.Be2 Ba4
37.Nb3 Bd7 38.Bf3 Rxa2 39.Rxa2 Qxa2 40.Qxa2 Rxa2 41.Rd2 Ra4 42.Nc1 Bc3 43.Rc2 Ba5
44.Ne2 Kf6 45.Nf4 Bb6 46.Nh3 Kg7 47.Ng5 Bd4 48.Rc7 Ra7 49.Rxa7 Bxa7 50.Be2 Ba4
51.Bd3 Bb3 52.Bb5 f5 53.Bd3 Kf6 54.f4 Bb6 55.Nh7+ Kg7 56.Ng5 Kf6 57.Nh7+ Kg7
58.Ng5 Kf6  1/2-1/2

[Event "2nd IECC"]
[Site "Ohrid MKD"]
[Date "2001.06.12"]
[Round "11"]
[White "Gershon,A"]
[Black "Ehlvest,J"]
[Result "0-1"]
[WhiteElo "2539"]
[BlackElo "2630"]

1.d4 d5 2.c4 c6 3.Nc3 Nf6 4.Nf3 a6 5.a4 e6 6.cxd5 exd5 7.Bg5 Be7 8.e3 O-O
9.a5 Ne4 10.Nxe4 dxe4 11.Bxe7 Qxe7 12.Nd2 Nd7 13.Qc2 Re8 14.Rc1 h5 15.h4 Nf6
16.Qc5 Qd8 17.Be2 g6 18.Qg5 Kg7 19.O-O Bg4 20.Bc4 Qe7 21.Ba2 Rad8 22.Qc5 Qc7
23.Rfe1 Be6 24.Bxe6 Rxe6 25.Qb6 Qb8 26.Nf1 Rd5 27.Qb4 g5 28.hxg5 Rxg5 29.d5 Nxd5
30.Qd4+ Kh7 31.Ng3 Qg8 32.Kf1 Qg6 33.Ke2 Nf6 34.Rc5 Re7 35.Rh1 Nd5 36.Rh4 f5
37.Rc1 Rd7 38.Qc4 Rxg3 39.fxg3 Qxg3 40.Rxh5+ Kg6 41.Rch1 Nf4+ 42.exf4 Qxg2+  0-1

[Event "29th World Open"]
[Site "Philadelphia USA"]
[Date "2001.07.07"]
[Round "7"]
[White "Gaprindashvili,V"]
[Black "Ehlvest,J"]
[Result "1/2-1/2"]
[WhiteElo "2486"]
[BlackElo "2630"]

1.d4 Nf6 2.c4 e6 3.Nc3 Bb4 4.e3 b6 5.Ne2 Ba6 6.a3 Bxc3+ 7.Nxc3 d5 8.Qf3 c6
9.b3 O-O 10.g4 Nbd7 11.g5 Ne8 12.cxd5 Bxf1 13.dxc6 Ba6 14.cxd7 Nd6 15.Bb2 Qxd7
16.O-O-O f6 17.d5 e5 18.e4 fxg5 19.Qg3 Rae8 20.Rhg1 Rf4 21.Qxg5 Rxf2 22.Rd2 Rf3
23.Rdg2 Re7 24.Rg3 Rxc3+ 25.Bxc3 Nxe4 26.Qh4 Nxg3 27.Qxg3 Qd6 28.Kb2 Qxd5
29.Re1 Re6 30.Rxe5 Rxe5 31.Qxe5 Qg2+ 32.Ka1 h6 33.Qb8+ Kh7 34.Qxa7 Qg1+ 35.Ka2 Bd3
36.a4 Qf2+ 37.Bb2 Qg1 38.a5 Bb1+ 39.Ka1 Bc2+ 40.Ka2 Bb1+ 41.Ka1 Be4+ 42.Ka2 h5
43.axb6 Bh1 44.Qe7 Qg2 45.Ka3 Qa8+ 46.Kb4 Qe4+ 47.Qxe4+ Bxe4 48.Kc3 h4 49.Kd2 Kg6
50.Be5 Kf5 51.Bd6 Kg4 52.Ke3 Bb7 53.Bf4 g6 54.Bd6 g5 55.Be7 Kh5 56.Bd6 Kg4
57.Be7  1/2-1/2

[Event "Rapidplay"]
[Site "Liepaja LAT"]
[Date "2001.08.02"]
[Round "3"]
[White "Adianto,U"]
[Black "Ehlvest,J"]
[Result "0-1"]
[WhiteElo "2598"]
[BlackElo "2627"]

1.d4 g6 2.c4 Bg7 3.Nf3 d6 4.Nc3 Nf6 5.g3 O-O 6.Bg2 c5 7.O-O Nc6 8.d5 Na5
9.Nd2 Rb8 10.Qc2 e6 11.b3 exd5 12.cxd5 Bf5 13.e4 Bd7 14.Bb2 b5 15.Nd1 Rc8
16.Ne3 c4 17.bxc4 Nxc4 18.Ndxc4 bxc4 19.Bc3 Ng4 20.Nxg4 Bxg4 21.f4 Be2 22.Rf2 Bd3
23.Qd2 Re8 24.Re1 Qc7 25.Bxg7 Kxg7 26.Qc3+ Kg8 27.Qf6 c3 28.e5 c2 29.Rc1 Qc3
30.Bf1 Qb2  0-1

[Event "Jonsson Mem Open"]
[Site "Reykjavik ISL"]
[Date "2001.10.27"]
[Round "4"]
[White "Thorhallsson,T"]
[Black "Ehlvest,J"]
[Result "0-1"]
[WhiteElo "2442"]
[BlackElo "2626"]

1.e4 c5 2.Nf3 e6 3.d4 cxd4 4.Nxd4 a6 5.Nc3 d6 6.g4 b5 7.g5 Bb7 8.a3 Ne7 9.Be3 d5
10.Nb3 Nd7 11.Bg2 dxe4 12.Bxe4 Bxe4 13.Nxe4 Nf5 14.Bf4 Qb6 15.Qd3 Nc5 16.Nbxc5 Bxc5
17.O-O-O O-O 18.Ng3 Rad8 19.Qe4 Nd6 20.Qf3 Nc4 21.Ne4 e5 22.Nxc5 Qxc5 23.Be3 Qe7
24.Kb1 Rb8 25.Bc1 b4 26.a4 b3 27.cxb3 Na5 28.Rd3 Qe6 29.Qd5 Qf5 30.Ka1 Nc6
31.Rf3 Qg6 32.Rc3 Nd4 33.Ka2 Qf5 34.Be3 Rfd8 35.Qc4 Rdc8 36.Qd3 Rxc3 37.Qxf5 Rxe3
38.Qd7 Rexb3 39.Rb1 Ne2 40.Rd1 Rxb2+ 41.Ka1 Nd4 42.Rxd4 exd4 43.Qxd4 R2b4
44.Qd7  0-1

[Event "Jonsson Mem Open"]
[Site "Reykjavik ISL"]
[Date "2001.10.29"]
[Round "6"]
[White "Sokolov,I"]
[Black "Ehlvest,J"]
[Result "1/2-1/2"]
[WhiteElo "2658"]
[BlackElo "2626"]

1.d4 d5 2.c4 c6 3.Nf3 Nf6 4.Nc3 a6 5.h3 e6 6.cxd5 exd5 7.Bf4 Bf5 8.Qb3 Ra7
9.e3 Nbd7 10.Be2 Ne4 11.O-O Be7 12.Nxe4 Bxe4  1/2-1/2

[Event "Jonsson Mem Open"]
[Site "Reykjavik ISL"]
[Date "2001.10.30"]
[Round "7"]
[White "Ehlvest,J"]
[Black "Stefansson,H"]
[Result "0-1"]
[WhiteElo "2626"]
[BlackElo "2575"]

1.e4 e5 2.Nf3 Nc6 3.Bb5 a6 4.Ba4 Nf6 5.O-O Be7 6.Re1 b5 7.Bb3 d6 8.c3 O-O
9.h3 Nb8 10.d4 Nbd7 11.Nbd2 Bb7 12.Bc2 Re8 13.Nf1 Bf8 14.Ng3 g6 15.a4 c5
16.d5 c4 17.Bg5 h6 18.Be3 Nc5 19.Qd2 h5 20.Bg5 Be7 21.Bh6 Nh7 22.Nf1 Rb8
23.Ra3 Bc8 24.Be3 Bf6 25.Rea1 Qc7 26.axb5 axb5 27.Qe2 Bd7 28.N1d2 Rb7 29.b4 cxb3
30.Nxb3 Na4 31.Bd2 Nxc3 32.Bxc3 b4 33.Bxb4 Rxb4 34.Ra7 Rb7 35.Rxb7 Qxb7 36.Qe3 Rb8
37.Nbd2 Qc7 38.Ra7 Rb7 39.Ra8+ Kg7 40.Ba4 Nf8 41.h4 Be7 42.Ng5 Qc1+ 43.Nf1 Qxe3
44.Nxe3 Bxg5 45.hxg5 Nh7 46.Bc2 Bb5 47.Rd8 Rb6 48.f3 Nxg5 49.Kf2 h4 50.g3 hxg3+
51.Kxg3 Be2 52.f4 exf4+ 53.Kxf4 Nf3 54.Ba4 Ne5 55.Bc6 Rb3 56.Rxd6 f6 57.Bd7 g5+
58.Kg3 Rxe3+ 59.Kf2 Rxe4  0-1

[Event "Jonsson Mem Open"]
[Site "Reykjavik ISL"]
[Date "2001.10.31"]
[Round "8"]
[White "Gunnarsson,J"]
[Black "Ehlvest,J"]
[Result "0-1"]
[WhiteElo "2386"]
[BlackElo "2626"]

1.e4 c5 2.Nf3 e6 3.d4 cxd4 4.Nxd4 Nf6 5.Nc3 d6 6.Be2 Be7 7.O-O Nc6 8.Be3 Bd7
9.f4 Nxd4 10.Bxd4 Bc6 11.Bf3 O-O 12.Kh1 Nd7 13.a4 b6 14.Qe2 Rc8 15.Rad1 Qc7
16.f5 Nf6 17.e5 dxe5 18.Bxe5 Bxf3 19.Rxf3 Qc6 20.Rdf1 Rfe8 21.Qb5 Qxb5 22.Nxb5 Ng4
23.Bc3 a6 24.fxe6 fxe6 25.Nd4 Bd6 26.g3 Rc4 27.Re1 e5 28.Nf5 Bf8 29.h3 Nf6
30.Nh6+ gxh6 31.Rxf6 b5 32.axb5 axb5 33.Re2 Rec8 34.Bxe5 Rxc2 35.Rxc2 Rxc2
36.Rb6 b4 37.Rb7 h5 38.h4 h6 39.Kg1 Re2 40.Bd4 Rd2 41.Be5 Re2 42.Bd4 Re4
43.Bf2 Rc4 44.Be1 Rc1 45.Kf2 Rb1 46.Bxb4 Rxb2+ 47.Kf3 Bxb4 48.Ke4 Rb1 49.Kf5 Rf1+
50.Kg6 Bf8 51.Kxh5 Rf6 52.g4 Re6 53.g5 Be7 54.gxh6 Kh7 55.Kg4 Kxh6 56.Kf5 Re1
57.Rb8 Ra1 58.Rg8 Rf1+ 59.Ke4 Bxh4 60.Rh8+ Kg5 61.Rg8+ Kh5 62.Rh8+ Kg4 63.Rg8+ Bg5
64.Kd4 Kf5 65.Rf8+ Bf6+ 66.Kd3 Rc1 67.Kd2 Rc6 68.Kd3 Rc3+ 69.Kd2 Ra3 70.Ke2 Ke5
71.Rf7 Bg5 72.Rf8 Bf4 73.Re8+ Kf5 74.Re7 Be5 75.Re8 Ke4 76.Kf1 Ra1+ 77.Ke2 Ra2+
78.Kf1 Rh2 79.Ke1 Kd4 80.Re7 Bg3+ 81.Kd1 Kd3 82.Rd7+ Kc3 83.Rd5 Bf4 84.Ke1 Be3
85.Kf1 Rf2+ 86.Ke1 Rf8 87.Rd7 Bd4 88.Ke2 Rf2+ 89.Ke1 Ra2 90.Kf1 Kd3 91.Rf7 Be3
92.Rf8 Ke4 93.Ke1 Bd2+ 94.Kd1 Bc3 95.Kc1 Bd4 96.Kb1 Rb2+ 97.Kc1 Rh2 98.Kb1 Kd3
99.Rd8 Rb2+ 100.Kc1 Rb7 101.Rd5 Rc7+ 102.Kb1 Ra7  0-1

[Event "Jonsson Mem Open"]
[Site "Reykjavik ISL"]
[Date "2001.11.01"]
[Round "9"]
[White "Ehlvest,J"]
[Black "Nielsen,PH"]
[Result "1/2-1/2"]
[WhiteElo "2626"]
[BlackElo "2620"]

1.e4 e5 2.Nf3 Nf6 3.Nxe5 d6 4.Nf3 Nxe4 5.d4 d5 6.Bd3 Nc6 7.O-O Be7 8.c4 Nb4
9.Be2 O-O 10.Nc3 Be6 11.Ne5 c5 12.Nxe4 dxe4 13.d5 Bc8 14.a3 Na6 15.f4 f6
16.Ng4 Bxg4 17.Bxg4 f5 18.Be2 Bf6 19.Rb1 Bd4+ 20.Kh1 Nc7 21.b4 b6 22.Rb3 Ne8
23.g4 Nd6 24.Be3 Bxe3  1/2-1/2

[Event "FIDE WCh KO"]
[Site "Moscow RUS"]
[Date "2001.12.05"]
[Round "4.2"]
[White "Ehlvest,J"]
[Black "Bareev,E"]
[Result "0-1"]
[WhiteElo "2626"]
[BlackElo "2719"]

1.e4 c6 2.d4 d5 3.e5 Bf5 4.Nc3 e6 5.g4 Bg6 6.Nge2 c5 7.h4 h5 8.Nf4 Bh7 9.Bb5+ Nc6
10.Nxh5 cxd4 11.Qxd4 Ne7 12.Bg5 a6 13.Bxc6+ Nxc6 14.Qa4 b5 15.Qf4 Qc7 16.O-O-O b4
17.Nxd5 exd5 18.Rd2 Nd8 19.Bxd8 Rxd8 20.Re1 Bg6 21.Qf3 Bxh5 22.e6 Bd6 23.Rde2 Qc4
24.exf7+ Kd7 25.Re7+ Bxe7 26.Qf5+ Kc6  0-1

[Event "Aeroflot Open"]
[Site "Moscow RUS"]
[Date "2002.02.05"]
[Round "1"]
[White "Bagirov,R"]
[Black "Ehlvest,J"]
[Result "1/2-1/2"]
[WhiteElo "2471"]
[BlackElo "2589"]

1.d4 Nf6 2.c4 e6 3.Nf3 d5 4.Nc3 Be7 5.Bg5 O-O 6.e3 Nbd7 7.cxd5 Nxd5 8.Bxe7 Qxe7
9.Nxd5 exd5 10.Bd3 Nf6 11.Qc2 c6 12.O-O g6 13.Qc5 Qxc5 14.dxc5 Nh5 15.Nd4 Ng7
16.b4 Ne6 17.Nb3 Bd7 18.Rfc1 Rab8 19.f4 Rfe8 20.Kf2 Kg7 21.Rc2 h5 22.Rd1 Kf6
23.g3 Ng7 24.Nd4 Bf5 25.b5 Ne6 26.Bxf5 Nxd4 27.Rxd4 Kxf5 28.Ra4 Ra8 29.bxc6 bxc6
30.Ra6 Rec8 31.Kf3 Rc7 32.Rd2 g5 33.fxg5 Kxg5 34.e4 dxe4+ 35.Kxe4 Re8+ 36.Kf3 Re5
37.Rc2 Kf5  1/2-1/2